|
|
|
|
| LEADER |
01784nam a2200469 a 4500 |
| 001 |
EBC3399385 |
| 003 |
MiAaPQ |
| 005 |
20200520144314.0 |
| 006 |
m o d | |
| 007 |
cr cn||||||||| |
| 008 |
130517s2006 fr a sb 000 0 fre d |
| 020 |
|
|
|z 2876146223 (CIRAD)
|
| 020 |
|
|
|z 9290813113 (CTA)
|
| 020 |
|
|
|z 2845867484 (Karthala)
|
| 020 |
|
|
|z 9782876146228
|
| 020 |
|
|
|z 9782759201426 (e-book)
|
| 035 |
|
|
|a (MiAaPQ)EBC3399385
|
| 035 |
|
|
|a (Au-PeEL)EBL3399385
|
| 035 |
|
|
|a (CaPaEBR)ebr10694306
|
| 035 |
|
|
|a (OCoLC)923348019
|
| 040 |
|
|
|a MiAaPQ
|c MiAaPQ
|d MiAaPQ
|
| 041 |
1 |
|
|a fre
|h eng
|
| 043 |
|
|
|a w------
|
| 050 |
|
4 |
|a SF724
|b .H8614 2006
|
| 100 |
1 |
|
|a Hunter, Archie.
|
| 240 |
1 |
0 |
|a Animal health.
|l French
|
| 245 |
1 |
3 |
|a La sante animale
|h [electronic resource] .
|n Volume 1,
|p Generalites /
|c Archie Hunter ; avec la collaboration de Gerrit Uilenberg, Christian Meyer ; traduit par Anya Cockle ; ont aussi collabore a cet ouvrage, Emmanuel Camus ... [et al.].
|
| 260 |
|
|
|a [Paris] :
|b CIRAD ;
|a Wageningen :
|b CTA ;
|a [Paris] :
|b Karthala,
|c 2006.
|
| 300 |
|
|
|a 223 p. :
|b ill.
|
| 490 |
0 |
|
|a Agricultures tropicales en poche
|
| 504 |
|
|
|a Includes bibliographical references.
|
| 533 |
|
|
|a Electronic reproduction. Ann Arbor, MI : ProQuest, 2015. Available via World Wide Web. Access may be limited to ProQuest affiliated libraries.
|
| 650 |
|
0 |
|a Livestock
|x Diseases
|z Tropics.
|
| 650 |
|
0 |
|a Animal health
|z Tropics.
|
| 650 |
|
0 |
|a Veterinary tropical medicine.
|
| 655 |
|
4 |
|a Electronic books.
|
| 700 |
1 |
|
|a Uilenberg, Gerrit.
|
| 700 |
1 |
|
|a Meyer, Christian.
|
| 700 |
1 |
|
|a Cockle, Anya.
|
| 700 |
1 |
|
|a Camus, Emmanuel.
|
| 710 |
2 |
|
|a ProQuest (Firm)
|
| 856 |
4 |
0 |
|u https://ebookcentral.proquest.com/lib/matrademy/detail.action?docID=3399385
|z Click to View
|